Culture Générale - Série 467 - Statistiques

Statistiques générales
  • Ce quiz a été pris 187 fois
  • Le résultat moyen est 4 sur 10
Statistiques - réponses
Question Réponse % Correct
Que signifie le M du sigle OGM ? Modifié
94%
Quel animal est la drosophile, utilisée dans les expériences génétiques ? mouche
64%
Quelle véritable aventurière donne son titre à un album de la bande dessinée Lucky Luke ? Calamity Jane
58%
En 1994, quelle navigatrice, prénommée Isabelle, bat le record New York ‐ San Francisco par le cap Horn en 62 jours, 5 heures et 55 minutes ? Isabelle Autissier
44%
Dans quelle région d'Italie peut‐on visiter Livourne ? Toscane
43%
En 1934, quelle aviatrice, prénommée Hélène, bat le record féminin de vitesse pure ? Hélène Boucher
26%
En 1978, quel adolescent interprète le générique du dessin animé "Goldorak" ? Noam
18%
Quel poète a écrit le texte en prose "Eloge du maquillage" ? Charles Baudelaire
11%
Quelle ville de l'Adriatique a un aéroport international portant le nom de Federico Fellini ? Rimini
9%
Jadis, quel nom donnait‐on à la mouche que les femmes portaient sur la joue ? coquette
5%
Aucun quiz correspondant
Distribution des résultats
% des personnes avec chaque résultat
Percentile par nombre de réponses
Votre historique - résultats
Vous n’avez pas pris ce quiz